000
00324nam a2200133Ia 4500
008
190216s9999||||xx |||||||||||||| ||und||
100
_a
Satya Prakash
245
0
_a
Advanced Chemistry Or Rare Elements
250
_a
4th Ed.
260
_b
S Chand & Co
_c
1982
300
_a
889 p
650
_a
Chemistry-Chemistry
942
_c
BK
999
_c
2386
_d
2386